000 00536nam a2200169Ia 4500
005 20250508160008.0
008 008 250505s9999 xx 000 0 eng d
037 _aBooks to be hide in OPAC
040 _aFEDL
_beng
_cFEDL
041 _aeng
_2eng
084 _a379.5489, CEY/O
_qFEDL
245 0 _aPublic instruction : Report of the director of public instruction for 1905 Part 4
245 0 _cCeylon Administration Reports for 1905
300 _a50p.
942 _cHB
_h379.5489, CEY/O
999 _c1360814
_d1360814